| 000 | 00427cam a2200169ua 4500 | ||
|---|---|---|---|
| 020 | _c4.50 | ||
| 041 |
_amal _h |
||
| 082 |
_a928.94812 _bBAL/SA |
||
| 100 | _aBalakrishnan Nair, N . | ||
| 245 |
_aSakshal C V / _cN Balakrishnan Nair. _hTextual Documents |
||
| 260 |
_aThiruvananthapuram : _bKamalalaya Book Depot , _c1969. |
||
| 300 | _a338 ; . | ||
| 365 | _a4.50 | ||
| 504 | _a | ||
| 942 | _cBK | ||
| 999 |
_c4649 _d4649 |
||